Lückentext - Lebensmittel - Statistiken

Allgemein
  • Dieses Quiz wurde 266 mal gespielt
  • Das Durchschnittsergebnis liegt bei 10 aus 15
Antwortstatistiken
Lückentext Lebensmittel % Korrekt
A.g.n Algen
100%
An.n.s Ananas
100%
Ap..l Apfel
100%
A.m.r Ri.t.r Armer Ritter
100%
A.b..g.ne Aubergine
100%
Au.l..f Auflauf
100%
Av.c.do Avocado
100%
Ba..n.d..n Bandnudel
100%
Ba.m.t.r..s Basmatireis
100%
Bi.ne Birne
100%
Bl..t..t..g Blätterteig
100%
Bl..b...e Blaubeere
100%
Bo.b.n Bonbon
100%
Br.i Brei
100%
Br.z.l Brezel
100%
Br.k..li Brokkoli
100%
Bu.t.r Butter
100%
C.s..w Cashew
100%
Ch....b..g.r Cheeseburger
100%
Ch.li Chili
100%
Ci.b.t.a Ciabatta
100%
Cl.m..t.ne Clementine
100%
Di.k.l Dinkel
100%
E.s Eis
100%
Er.se Erbse
100%
E.s.g Essig
100%
F.ige Feige
100%
F.ta Feta
100%
F.s.h Fisch
100%
Ga.n.le Garnele
100%
G.m.se Gemüse
100%
G.w...g..ke Gewürzgurke
100%
Gn.c..i Gnocchi
100%
Go.da Gouda
100%
G..ke Gurke
100%
Gu.k..s.l.t Gurkensalat
100%
H.f.r Hafer
100%
H.f..m..ch Hafermilch
100%
H.fe Hefe
100%
H.n.g Honig
100%
In.w.r Ingwer
100%
Ka.f.e Kaffee
100%
Ka.ao Kakao
100%
Ka.d..z.ck.r Kandiszucker
100%
Kä.e Käse
100%
K.s.k.ch.n Käsekuchen
100%
K.v.ar Kaviar
100%
Kn.bl...h Knoblauch
100%
Kü.b.s Kürbis
100%
L.k..tz Lakritz
100%
L..ch Lauch
100%
Le..öl Leinöl
100%
Li.se Linse
100%
Ma.go Mango
100%
M.r.c.ja Maracuja
100%
Ma.g.r..e Margarine
100%
Ma.m..k.ch.n Marmorkuchen
100%
Ma.z.p.n Marzipan
100%
Ma.c..p.ne Mascarpone
100%
M.y.n...se Mayonnaise
100%
M.hl Mehl
100%
Mi.ch Milch
100%
Or..ge Orange
100%
Or.g.no Oregano
100%
P.p.ya Papaya
100%
P.p..ka Paprika
100%
Pa.m.s.n Parmesan
100%
Pf..f.r Pfeffer
100%
Pf..f..m..ze Pfefferminze
100%
Pf..s..h Pfirsich
100%
Pi.z Pilz
100%
P.z.a Pizza
100%
Po.m.s Pommes
100%
Pu.d..g Pudding
100%
P.d..z.ck.r Puderzucker
100%
Pu.p..n..k.l Pumpernickel
100%
R.d..ch.n Radieschen
100%
Ra..öl Rapsöl
100%
R.v.o.i Ravioli
100%
R..s Reis
100%
R.m..l.de Remoulade
100%
Re.t..h Rettich
100%
Ri..f...s.h Rindfleisch
100%
Ro.m.r.n Rosmarin
100%
R.te Be.te Rote Beete
100%
Ro.k..l Rotkohl
100%
R.be Rübe
100%
Rü..ei Rührei
100%
Sa.ne Sahne
100%
S.l.mi Salami
100%
Sc..k.n Schinken
100%
Se.l.r.e Sellerie
100%
S.s.m Sesam
100%
Sk.r Skyr
100%
S.j.s..ce Sojasauce
100%
Sp.n.t Spinat
100%
St..k Steak
100%
Su.pe Suppe
100%
Sü.k..t..f.l Süßkartoffel
100%
T.e Tee
100%
T.r.m.su Tiramisu
100%
T.fu Tofu
100%
T.m.t..m..k Tomatenmark
100%
To.te Torte
100%
Tz.t..ki Tzatziki
100%
Wu..t Wurst
100%
Zi.g..k.se Ziegenkäse
100%
Zi.t Zimt
100%
Zw..b..k Zwieback
100%
Zw..b.l Zwiebel
100%
Fl.d..b..t Fladenbrot
92%
L.s.g.e Lasagne
91%
We.z.n Weizen
91%
Ch.d..r Cheddar
90%
K.wi Kiwi
90%
Sc..k.l.de Schokolade
90%
St..c...t...a Stracciatella
90%
Ka.t..f.l Kartoffel
89%
Kn.ck.b..t Knäckebrot
89%
Qu..k Quark
89%
Th.m.an Thymian
89%
Wa.s.r Wasser
89%
Ag.ve Agave
88%
Bl..w..st Blutwurst
88%
Fr.k.d..le Frikadelle
88%
Ha.b..g.r Hamburger
88%
M.f..n Muffin
88%
No.g.t Nougat
88%
Rh.b..b.r Rhabarber
88%
Ro.l.de Roulade
88%
To.t.l.a Tortilla
88%
Vo..k...b..t Vollkornbrot
88%
Ap...m.s Apfelmus
86%
Bi.r Bier
86%
Ca.b.n.ra Carbonara
86%
C.y....pf..f.r Cayennepfeffer
86%
Co.a Cola
86%
D.ll Dill
86%
D.n.r Döner
86%
Go.g..z.la Gorgonzola
86%
K.k..n..s Kokosnuss
86%
L.b..k.se Leberkäse
86%
Li.o.a.e Limonade
86%
Ma.d.r.ne Mandarine
86%
Ma.m.l.de Marmelade
86%
M.l.ne Melone
86%
M.z..r..la Mozzarella
86%
Nu.s Nuss
86%
P.m.lo Pomelo
86%
Ke.c..p Ketchup
85%
B.g.e..e Baguette
83%
Be..e Beere
83%
Ch.li co. Ca.ne Chili con Carne
83%
Ei.b...s.l.t Eisbergsalat
83%
K.m..l..t.e Kamillentee
83%
K.ch..e..se Kichererbse
83%
Mo.t.d..la Mortadella
83%
Ro.g.n Roggen
83%
Ru.k.g.l Rumkugel
83%
Se.f Senf
83%
To.t.l..ni Tortellini
83%
Z.c...ni Zucchini
83%
Pe.to Pesto
82%
B..t Brot
80%
Bu.t..g.m.se Buttergemüse
80%
Cu...w..st Currywurst
80%
Fl...k.ch.n Flammkuchen
80%
H.f.z.pf Hefezopf
80%
J.g...t Joghurt
80%
L.b.r Leber
80%
Om.l.t.e Omelette
80%
Or..g..l.m.n.de Orangenlimonade
80%
Pr..s..b..re Preiselbeere
80%
Qu.c.e Quiche
80%
R.c.la Rucola
80%
S..z Salz
80%
Sa.ce Sauce
80%
Sc..k.r..g.l Schokoriegel
80%
Sp.g..ti Spagetti
80%
V.n..l.p..d..g Vanillepudding
80%
We.z..m..l Weizenmehl
80%
Z.t..ne Zitrone
79%
Ap..k.se Aprikose
78%
Gr..k..l Grünkohl
78%
Ko..r.bi Kohlrabi
78%
Kü.b..k..ne Kürbiskerne
78%
B.s.l.k.m Basilikum
75%
Bo.n.n Bohnen
75%
Br.he Brühe
75%
Ch...en W..gs Chicken Wings
75%
D.s...t Dessert
75%
G.f..g.l Geflügel
75%
Gu.m.b..c..n Gummibärchen
75%
G.r.s Gyros
75%
He.d..b..re Heidelbeere
75%
Jo.a.n..b...e Johannisbeere
75%
La..s Lachs
75%
L.m.t.e Limette
75%
Me..s..z Meersalz
75%
O..t Obst
75%
P.s..n.ke Pastinake
75%
T.m.te Tomate
75%
W.s...m.l.ne Wassermelone
75%
Wi.n.r Wiener
75%
O..ve Olive
73%
R.s.ne Rosine
73%
Ei.t..f Eintopf
71%
H.n..m.l.ne Honigmelone
71%
K.r.m..l Karamell
71%
Kr..t..b..t.r Kräuterbutter
71%
La..k..s Labskaus
71%
Le.k.c..n Lebkuchen
71%
Me..r..t..h Meerrettich
71%
Ph.s.l.s Physalis
71%
Po.c..n Popcorn
71%
Su.p..g..n Suppengrün
71%
Co..f....s Cornflakes
70%
Sp..f..k.l Spanferkel
70%
Bu.b..t.a Bubbletea
67%
Ca.z.ne Calzone
67%
Ch..s Chips
67%
Ed..er Edamer
67%
Fe..s.l.t Feldsalat
67%
Fe.c..l Fenchel
67%
G.t...de Getreide
67%
Hi.b..re Himbeere
67%
K.r.t.e Karotte
67%
Ki.s..e Kirsche
67%
Kü.m.l Kümmel
67%
Ku.k.ma Kurkuma
67%
Ma.d.l Mandel
67%
Oc..e.s......s..pe Ochsenschwanzsuppe
67%
Qu.t.e Quitte
67%
Sa.b.i Salbei
67%
S.j.m..ch Sojamilch
67%
Sp..g..ei Spiegelei
67%
Th..f...h Thunfisch
67%
Zw.....ge Zwetschge
67%
C.n..ll.ni Cannelloni
64%
Cr..e Fr....e Creme Fraiche
64%
H.l..d.r Holunder
64%
Br..b...e Brombeere
63%
E.m..t.l.r Emmentaler
63%
M..s Mais
63%
M.j.r.n Majoran
63%
S.l.t Salat
63%
Sc....s..ne Schlagsahne
63%
Sh..t.ke Shiitake
63%
Br..k..t..f.l Bratkartoffel
62%
Bl.m..k..l Blumenkohl
60%
Cr..t.n Crouton
60%
Er.b...e Erdbeere
60%
Fr...te Früchte
60%
Ka.d.m.m Kardamom
60%
M.r..le Marille
60%
M.n..a.w..s.r Mineralwasser
60%
Mo..k.ch.n Mohnkuchen
60%
P.l..ta Polenta
60%
R.c..ta Ricotta
60%
Sc...t..l Schnitzel
60%
Ti.s.t.r Tilsiter
60%
Ch..s.m.n Chiasamen
57%
Gä.s.b..t.n Gänsebraten
57%
Nu.e.n Nudeln
57%
Pf...me Pflaume
57%
Sp..g.l Spargel
57%
S.s.i Sushi
57%
Ho..en Hopfen
56%
Fr.k.s..e Frikassee
55%
Kr.p..n Krapfen
55%
Pa.t.t. Pastete
55%
K.c..n Kuchen
54%
Ap...s.ne Apfelsine
50%
Ba.a.e Banane
50%
Bi.c..t Biscuit
50%
Bu..w..z.n Buchweizen
50%
Ch..p..n.r Champagner
50%
Ch.n.k..l Chinakohl
50%
Co.d.n b..u Cordon bleu
50%
E.e.g. Dr..k Energy Drink
50%
F.l.f.l Falafel
50%
H.f..f..ck.n Haferflocken
50%
H.r..g Hering
50%
J.g..s....t..l Jägerschnitzel
50%
Kn..k.r Knacker
50%
Ko..s..z Kochsalz
50%
L.b..w..st Leberwurst
50%
Ma.g..d Mangold
50%
Mu.g.b..ne Mungobohne
50%
N.ch.s Nachos
50%
P.l..s....k.n Palatschinken
50%
Pf...k.ch.n Pfannkuchen
50%
P.r..e Porree
50%
Po.r...e Porridge
50%
Pu..r..s Puffreis
50%
Qu.n.a Quinoa
50%
Ro.w..n Rotwein
50%
Sp.k.l.t..s Spekulatius
50%
We..t...be Weintraube
50%
Z.t..n..s..t Zitronensaft
50%
Au.t.r Auster
44%
Li.s..i Litschi
44%
Ch.c.r.e Chicorée
43%
Ja.m..r..s Jasminreis
43%
Ka.i Kaki
43%
Qu...b...ch.n Quarkbällchen
43%
Se.t.n Seitan
42%
Bo.o.n..e Bolognese
40%
Br..a..el Bratapfel
40%
Ch..p..n.n Champignon
40%
Cr..s...t Croissant
40%
Ec...r Eclair
40%
Ja..w..st Jagdwurst
40%
K..s Keks
40%
P.t.b..t Pitabrot
40%
R.d..ch.o Radicchio
40%
Sc.....w..z.l Schwarzwurzel
40%
Ki.n..b..n.n Kidneybohnen
38%
Wi.s..g Wirsing
38%
Pe..k..t..f.l Pellkartoffel
36%
Bi.n..s...h Bienenstich
33%
Br.s....ta Bruschetta
33%
E.d.v.e.s.l.t Endiviensalat
33%
Er.s..s.p.e Erbsensuppe
33%
Fi...s..b...n Fischstäbchen
33%
Fo.d..t Fondant
33%
F.r..le Forelle
33%
H.s..n..s Haselnuss
33%
Ko..r..l.de Kohlroulade
33%
Ko..s.l.t Kopfsalat
33%
Pf..f..m...t.e Pfefferminztee
33%
Se..g..ke Senfgurke
33%
So.j..ka Soljanka
33%
Sp...le Spätzle
33%
C.m..b..t Camembert
29%
Co.k.e Cookie
29%
G.l...h Gulasch
29%
Ok.a Okra
29%
R.s..k..l Rosenkohl
29%
Sa..w..h Sandwich
29%
St...e.b..re Stachelbeere
29%
Za..b..t..s...k.l.d Zartbitterschokolade
29%
Bä.l...h Bärlauch
25%
C.b.n..si Cabanossi
25%
Ei.b..n Eisbein
25%
Fr..l....z...b.l Frühlingszwiebel
25%
Li.g.i.e Linguine
25%
M.k..le Makrele
25%
Sc..l..te Schalotte
25%
T.g...t...e Tagliatelle
25%
Tr.ck..o..t Trockenobst
25%
Wa.n..s Walnuss
25%
Wi..b..t.l Windbeutel
25%
To...b..t Toastbrot
22%
We..b..t Weißbrot
22%
Bo..w...t Bockwurst
20%
Gr...b..i Grießbrei
20%
Ka..f.n Karpfen
20%
P.t..f...s.h Putenfleisch
20%
Te.w...t Teewurst
20%
V.g...s.l.t Vogerlsalat
20%
Bi..s....k.n Bierschinken
17%
Ch....s...l.n Christstollen
17%
Co..c..s Couscous
17%
E.t..g.n Estragon
17%
F.l..ch.n Filinchen
17%
Ha..f...s.h Hackfleisch
17%
Mi...b...c..n Milchbrötchen
17%
Pa.p..m.se Pampelmuse
17%
Pi.t.z.e Pistazie
17%
Sc.....l.k Schaschlik
17%
Au.s....h Aufstrich
14%
Br..c..n Brötchen
14%
E.e.l.k.r Eierlikör
14%
Er.n...b..t.r Erdnussbutter
14%
Ka.s..s......n Kaiserschmarrn
14%
Te.l..l..s.n Tellerlinsen
14%
Gr...f...t Grapefruit
13%
Sc.....k.se Schmelzkäse
13%
Sm..t..e Smoothie
13%
Er.n...f..p Erdnussflip
11%
Am.r...h Amaranth
9%
Sc....n.f..s.h Schweinefleisch
9%
A.t.s....e Artischocke
0%
Be..s...k Beefsteak
0%
Bo.r...t..h Borschtsch
0%
Br..n..k..s e Brunnenkresse
0%
Bu..t.l Buchtel
0%
Dr..s..g Dressing
0%
Ei.k..n Einkorn
0%
E.m.r Emmer
0%
E.t..b...t Entenbrust
0%
Er.n..s Erdnuss
0%
Fl.r..t.n.r Florentiner
0%
G.l.e Gelee
0%
I.s....n.d..n Instantnudel
0%
Ka..s...le Kaltschale
0%
Ko..s....k.n Kochschinken
0%
K.r.a.d.r Koriander
0%
Kr..t..t.e Kräutertee
0%
Li.b..g.r Limburger
0%
Lö.f..b..c..t Löffelbiskuit
0%
L.t....r Lutscher
0%
Ma..b..r Malzbier
0%
Ma..t.s..e Maultasche
0%
M.l..z.ni Melanzani
0%
P.n...k..ne Pinienkerne
0%
Pl...ch.n Plätzchen
0%
Ro..m..s Rollmops
0%
Sa..s...ge Salzstange
0%
Sa.e.k..s..e Sauerkirsche
0%
Sa.e.k...t Sauerkraut
0%
Sa.e.e..m Sauerrahm
0%
Sc.....l...h Schnittlauch
0%
Se.l...s Seelachs
0%
S..t Sekt
0%
Sp...s.n Sprossen
0%
Te.p.h Tempeh
0%
To...k.se Toastkäse
0%
T.p..a.b.r Topinambur
0%
V.n.l..k...e.l Vanillekipferl
0%
Keine übereinstimmenden Quizze gefunden
Verteilung der Resultate
Anzahl Personen mit jedem Resultat
Perzentil nach korrekt beantworteten Fragen
Ihre Resultats-Entwicklung
Sie haben dieses Quiz noch nicht gespielt